<?xml version="1.0" encoding="UTF-8"?>
<collection xmlns="http://www.loc.gov/MARC21/slim">
 <record>
  <leader>01305nam a22001937a 4500</leader>
  <controlfield tag="001">NCT_150541</controlfield>
  <controlfield tag="008">230601b        xxu||||| |||| 00| 0 vie d</controlfield>
  <datafield tag="999" ind1=" " ind2=" ">
   <subfield code="c">7779</subfield>
   <subfield code="d">7779</subfield>
  </datafield>
  <datafield tag="020" ind1=" " ind2=" ">
   <subfield code="a">9786049195044</subfield>
  </datafield>
  <datafield tag="082" ind1="0" ind2="4">
   <subfield code="2">23rd ed.</subfield>
   <subfield code="a">630</subfield>
   <subfield code="b">K600Y/P.2</subfield>
  </datafield>
  <datafield tag="245" ind1="0" ind2="0">
   <subfield code="a">Kỷ yếu hội thảo khoa học đào tạo và nghiên cứu khoa học ở đồng bằng sồng Cửu Long - Hội nhập và phát triển bền vững</subfield>
   <subfield code="n">2</subfield>
   <subfield code="p">Khoa học và công nghệ</subfield>
  </datafield>
  <datafield tag="260" ind1=" " ind2=" ">
   <subfield code="a">Cần Thơ</subfield>
   <subfield code="b">Đại học Cần Thơ</subfield>
   <subfield code="c">2015</subfield>
  </datafield>
  <datafield tag="300" ind1=" " ind2=" ">
   <subfield code="a">358 tr. </subfield>
   <subfield code="b">minh họa</subfield>
   <subfield code="c">27cm</subfield>
  </datafield>
  <datafield tag="500" ind1=" " ind2=" ">
   <subfield code="a">ĐTTS ghi: Trường Đại học Tây Đô</subfield>
  </datafield>
  <datafield tag="520" ind1="3" ind2=" ">
   <subfield code="a">Nội dung của quyển kỷ yếu hội thảo khoa học này là những thông tin về thực trạng và giải pháp để nâng cao chất lượng đào tạo và nghiên cứu khoa học ở ĐBSCL, trao đổi kinh nghiệm và thảo luận các kết quả nghiên cứu trong lĩnh vực kinh tế, xã hội, giáo dục,...</subfield>
  </datafield>
  <datafield tag="653" ind1=" " ind2=" ">
   <subfield code="a">Tham khảo</subfield>
  </datafield>
  <datafield tag="942" ind1=" " ind2=" ">
   <subfield code="2">ddc</subfield>
   <subfield code="c">BK</subfield>
  </datafield>
  <datafield tag="952" ind1=" " ind2=" ">
   <subfield code="0">0</subfield>
   <subfield code="1">0</subfield>
   <subfield code="2">ddc</subfield>
   <subfield code="4">0</subfield>
   <subfield code="6">630_000000000000000_K600Y_P_2</subfield>
   <subfield code="7">0</subfield>
   <subfield code="9">27764</subfield>
   <subfield code="a">000001</subfield>
   <subfield code="b">000001</subfield>
   <subfield code="d">2023-06-01</subfield>
   <subfield code="o">630 K600Y/P.2</subfield>
   <subfield code="p">TK.03390</subfield>
   <subfield code="r">2023-06-01</subfield>
   <subfield code="w">2023-06-01</subfield>
   <subfield code="y">BK</subfield>
  </datafield>
  <datafield tag="980" ind1=" " ind2=" ">
   <subfield code="a">Thư viện Trường Đại học Nam Cần Thơ</subfield>
  </datafield>
 </record>
</collection>
